Análisis de la oferta y la demanda a nivel provincial y nacional de semillas forrajeras perennes /
Guardado en:
| Autor Principal: | |
|---|---|
| Autor Corporativo: | |
| Formato: | Libro |
| Idioma: | Spanish |
| Publicado: |
Buenos Aires :
CFI,
1988.
|
| Etiquetas: |
Agregar Etiqueta
Sin Etiquetas, Sea el primero en etiquetar este registro!
|
| LEADER | 00534nam a22001455a 4500 | ||
|---|---|---|---|
| 001 | EEA.libagro004166 | ||
| 008 | 130809s1988####ag############000#0#spa#d | ||
| 005 | 20210921173622.0 | ||
| 245 | 1 | 0 | |a Análisis de la oferta y la demanda a nivel provincial y nacional de semillas forrajeras perennes / |c Carlos Molina. |
| 260 | |a Buenos Aires : |b CFI, |c 1988. | ||
| 300 | |a 84 p. ; |c 26 cm. | ||
| 100 | 1 | |a Molina, Carlos M. | |
| 710 | 2 | |a Consejo Federal de Inversiones (Argentina) | |
| 082 | 0 | 4 | |a 380.14132 |
| 859 | |a AR-BbBCA |b BIB. AGRONOMIA |h 380.14132 |i M722 |p 1989/1407 | ||
